Modal verbs in Shakespeare's English / (Rekord nr 50048)
| 000 -ETYKIETA REKORDU | |
|---|---|
| podpole kontrolne o stałej długości | 00647nam a2200217 i 4500 |
| 001 - NUMER KONTROLNY REKORDU | |
| pole kontrolne | bgj |
| 040 ## - ŹRÓDŁO KATALOGOWANIA | |
| Instytucja, która utworzyła rekord | BPK |
| 041 0# - KOD JĘZYKA | |
| Kod języka tekstu | pol |
| 044 ## - KOD KRAJU WYDAWCY/PRODUCENTA | |
| Kod kraju wydawcy/producenta | PL |
| 080 ## - UNIWERSALNA KLASYFIKACJA DZIESIĘTNA - UKD | |
| UKD | 811.111(091) |
| 008 - POLE O STAŁEJ DŁUGOŚCI - DANE KONTROLNE | |
| podpole kontrolne o stałej długości | s pl f |000 0 pol |
| 100 1# - NAZWA OSOBOWA | |
| Nazwa osobowa | KAKIETEK, Piotr. |
| 245 10 - TYTUŁ/ODPOWIEDZIALNOŚĆ | |
| Tytuł | Modal verbs in Shakespeare's English / |
| Pozostałe elementy strefy tytułu i oznaczenia odpowiedzialności | Piotr Kakietek. |
| 260 ## - STREFA ADRESU WYDAWNICZEGO | |
| Miejsce wydania | Poznań : |
| Nazwa wydawcy/dystrybutora | Uniwersytet im. Adama Mickiewicza. Wydział Filologiczny, |
| Data publikacji, dystrybucji/powstania dokumentu | 1972. |
| 300 ## - STREFA OPISU FIZYCZNEGO | |
| Objętość | 76, [2] s. ; |
| Rozmiary | 23 cm. |
| 504 ## - UWAGA DOTYCZĄCA BIBLIOGRAFII | |
| Informacje o bibliografii | Bibliogr. s. 73-76. |
| 600 1# - HASŁO PRZEDMIOTOWE W FORMIE NAZWY OSOBOWEJ | |
| Nazwa osobowa | Shakespeare, William |
| Daty związane z nazwą | (1564-1616) |
| Określnik ogólny | język |
| 650 9# - HASŁO PRZEDMIOTOWE W FORMIE NAZWY OGÓLNEJ LUB JEDNOSTKOWEJ | |
| Nazwa ogólna lub geograficzna | Czasownik angielski |
| Określnik chronologiczny | 16-17 w. |
| 830 ## - HASŁO DODATKOWE SERII LUB DOKUMENTU WIELOCZĘŚCIOWEGO - TYTUŁ UJEDNOLICONY | |
| Tytuł ujednolicony | Seria Filologia Angielska |
| 942 ## - DODATKOWE ELEMENTY (KOHA) | |
| Typ dokumentu | Książka |
| Wycofany | Status egzemplarza | Uszkodzony | Dostępność | Lokalizacja stała | Lokalizacja bieżąca | Miejsce przechowywania | Sygnatura | Kod kreskowy | Dział | Typ dokumentu |
|---|---|---|---|---|---|---|---|---|---|---|
| Tylko na miejscu | Biblioteka Politechniki Koszalińskiej | Biblioteka Politechniki Koszalińskiej | Czytelnia Wydziałowa ul. Kwiatkowskiego 6e | S 2686 | 02435107 | 811.111(091) Język angielski - historia | Książka |
